书目信息 |
| 题名: |
多元逼近
|
|
| 作者: | 梁学章 , 李强 编著 | |
| 分册: | ||
| 出版信息: | 北京 国防工业出版社 2005 |
|
| 页数: | 108页 | |
| 开本: | 23cm | |
| 丛书名: | ||
| 单 册: | ||
| 中图分类: | O174.41 | |
| 科图分类: | ||
| 主题词: | 多元 , 函数逼近论 , 多元--函数逼近论--高等学校--教材 | |
| 电子资源: | ||
| ISBN: | 7-118-03992-6 | |
| 000 | 00899nam0 2200265 450 | |
| 001 | 002975554 | |
| 005 | 20061121085418.68 | |
| 010 | @a7-118-03992-6@dCNY15.00 | |
| 100 | @a20050815d2005 em y0chiy0110 ea | |
| 101 | 0 | @achi |
| 102 | @aCN@b110000 | |
| 105 | @ay z 000yy | |
| 200 | 1 | @a多元逼近@9duo yuan bi jin@f梁学章,李强编著 |
| 210 | @a北京@c国防工业出版社@d2005 | |
| 215 | @a108页@d23cm | |
| 300 | @a21世纪高等院校优秀教材 | |
| 330 | @a本书包括多元线性正算子逼近、多元插直、多元Chebyshev逼近、多元校条函数、正交小波等内容。本书在注重对多元逼近基本理论、基本方法讲解的同时,还力图反映多元逼近发展的近代研究成果。 | |
| 606 | 0 | @a多元 |
| 606 | 0 | @a函数逼近论 |
| 606 | 0 | @a多元@x函数逼近论@x高等学校@j教材 |
| 690 | @aO174.41@v4 | |
| 701 | 0 | @a梁学章@9liang xue zhang@4编著 |
| 701 | 0 | @a李强@9li qiang@c(命题研究)@4编著 |
| 801 | 0 | @aCN@bNLC@c20061121 |
| 905 | @a10447@dO174.41@e173 | |
| 多元逼近/梁学章,李强编著.-北京:国防工业出版社,2005 |
| 108页;23cm |
| 21世纪高等院校优秀教材 |
| ISBN 7-118-03992-6:CNY15.00 |
| 本书包括多元线性正算子逼近、多元插直、多元Chebyshev逼近、多元校条函数、正交小波等内容。本书在注重对多元逼近基本理论、基本方法讲解的同时,还力图反映多元逼近发展的近代研究成果。 |
| ● |
| 相关链接 |
|
|
|
|
正题名:多元逼近
索取号:O174.41/173
 
预约/预借
| 序号 | 登录号 | 条形码 | 馆藏地/架位号 | 状态 | 备注 |
| 1 | 0394437 | 203944376 | 第二样本阅览室/ [索取号:O174.41/173] | 在馆 | |
| 2 | 0394438 | 203944385 | 第三借阅区/ [索取号:O174.41/173] | 在馆 | |
| 3 | 0394439 | 203944394 | 第三借阅区/ [索取号:O174.41/173] | 在馆 |